000 00931nam a2200265 a 4500
001 BRL_1045
005 20190320211017.0
008 051113s1993----u--a######---#000-0#eng-#
020 _a0890132534
041 _aeng
044 _au
050 4 _aNK1650
_b.E33 1993
100 1 _aEgan, Martha J.
_94080
245 1 0 _aRelicarios
_bdevotional miniatures from the Americas
_cby Martha J. Egan ; prologue by Teresa Gisbert ; principal photography by Anthony Richardson and Michel Zabeì.
260 _aSanta Fe
_bMuseum of New Mexico Press
_c1993
300 _axiii, 130 p.
_bil. (algunas a color)
_c23 cm.
500 _aIncluye dedicatoria a Ruth Lechuga
500 _aAu1185
504 _aBibliografía: p. 117-126
650 1 4 _aArte y simbolísmo cristiano
_zAmérica Latina
_925669
650 1 4 _aReliquias religiosas
_zAmérica Latina
_94082
650 1 4 _aMiniaturas
_zAmérica Latina
_94083
902 _aGRL
942 _2lcc
_cB
999 _c9857
_d9857